| 000 | 01332nam a2200409 c 4500 | ||
|---|---|---|---|
| 001 | 17148 | ||
| 003 | ES-MaCES | ||
| 005 | 20141221122450.0 | ||
| 008 | 041227s2004 sp l 000 | spa d | ||
| 017 |
_aV 4149-2004 _bDL |
||
| 020 | _a8484561755 | ||
| 035 | _aCES20040016096m | ||
| 040 |
_aES-MaCES _bspa _cES-MaCES |
||
| 100 | 1 |
_aYáñez Velasco, Ricardo _926428 |
|
| 245 | 1 | 0 |
_aComentarios sistemáticos a la Ley 60/2003, de 23 de diciembre, de arbitraje _cautor, Ricardo Yáñez Velasco ; colaboradora, María Elisa Escolà Besora |
| 260 |
_aValencia _bTirant lo Blanch _c2004 |
||
| 300 |
_a1142 p. _c24 cm |
||
| 490 | 1 | _aTratados | |
| 500 | _aÍndices | ||
| 504 | _aBibliografía: p. 1103-1122 | ||
| 541 | _cCompra | ||
| 610 | 1 | 4 |
_aEspaña _tLey de arbitraje _d2003 _92899 |
| 650 | 4 |
_aarbitraje _927302 |
|
| 650 | 4 |
_alaudo arbitral _929860 |
|
| 650 | 4 |
_aprocedimiento laboral _930887 |
|
| 650 | 4 |
_aEspaña _926964 |
|
| 650 | 4 |
_alegislación del trabajo _927166 |
|
| 650 | 4 |
_atexto _929624 |
|
| 650 | 4 |
_acomentario _928971 |
|
| 653 | 1 | 0 | _aDerecho |
| 700 | 1 |
_aEscolà Besora, María Elisa _ecol. _911361 |
|
| 710 | 1 |
_aEspaña _tLey de arbitraje _d2003 _92899 |
|
| 830 | 0 |
_aTirant lo Blanch tratados _933124 |
|
| 902 | _aLIB Libro | ||
| 942 |
_2CES _cBK _h6.0. |
||
| 999 |
_c17148 _d17148 |
||